Personnages de dessins animés en images - L - Statistiques

Statistiques générales
  • Ce quiz a été pris 849 fois
  • Le résultat moyen est 10 sur 16
Statistiques - réponses
Par images Réponse % Correct
Lilo
98%
Lisa Simpson
95%
Lou
95%
Lucky Luke
87%
Ladybug
85%
Loulou
79%
Luca
79%
Lumière
76%
Léon Bogue (Randall)
73%
Leonardo
66%
Lucifer
46%
Lily la Tigresse
41%
Layla
40%
Lotso
31%
Luisa Madrigal
29%
Lucile MacBernik
13%
Aucun quiz correspondant
Distribution des résultats
% des personnes avec chaque résultat
Percentile par nombre de réponses
Votre historique - résultats
Vous n’avez pas pris ce quiz